[Event "Russian Blitz Team Championship (m)"]
[Site "Sochi"]
[Date "2022.10.17"]
[Round "11.2"]
[White "Savchenko, Boris"]
[Black "Tomashevsky, Evgeny"]
[Result "0-1"]
[BlackElo "2695"]
[WhiteElo "2530"]
[LiveChessVersion "1.4.8"]

1. c4 {[%clk 0:03:01]} Nf6 {[%clk 0:03:02]} 2. g3 {[%clk 0:03:02]} e6
{[%clk 0:03:02]} 3. Nf3 {[%clk 0:03:03]} d5 {[%clk 0:03:02]} 4. Bg2
{[%clk 0:03:04]} Be7 {[%clk 0:03:03]} 5. O-O {[%clk 0:03:04]} O-O
{[%clk 0:03:04]} 6. b3 {[%clk 0:03:05]} c5 {[%clk 0:03:04]} 7. Bb2
{[%clk 0:03:00]} d4 {[%clk 0:02:59]} 8. e3 {[%clk 0:03:01]} Nc6 {[%clk 0:03:00]}
9. exd4 {[%clk 0:03:01]} cxd4 {[%clk 0:03:01]} 10. Re1 {[%clk 0:03:01]} Bc5
{[%clk 0:03:02]} 11. Na3 {[%clk 0:02:57]} Re8 {[%clk 0:02:55]} 12. d3
{[%clk 0:02:53]} e5 {[%clk 0:02:54]} 13. Nc2 {[%clk 0:02:53]} a5 {[%clk 0:02:51]}
14. a3 {[%clk 0:02:46]} Qc7 {[%clk 0:02:18]} 15. h3 {[%clk 0:02:30]} h6
{[%clk 0:02:16]} 16. Bc1 {[%clk 0:02:20]} Bf5 {[%clk 0:02:14]} 17. Rb1
{[%clk 0:02:15]} e4 {[%clk 0:02:03]} 18. Nh4 {[%clk 0:02:14]} exd3
{[%clk 0:01:50]} 19. Nxf5 {[%clk 0:02:12]} dxc2 {[%clk 0:01:51]} 20. Rxe8+
{[%clk 0:02:13]} Rxe8 {[%clk 0:01:51]} 21. Qxc2 {[%clk 0:02:13]} Re1+
{[%clk 0:01:42]} 22. Kh2 {[%clk 0:02:13]} Qd7 {[%clk 0:01:32]} 23. Bxh6
{[%clk 0:01:26]} Rxb1 {[%clk 0:01:26]} 24. Nxg7 {[%clk 0:01:06]} Re1
{[%clk 0:01:10]} 25. Qd2 {[%clk 0:01:07]} Re5 {[%clk 0:01:04]} 26. Qf4
{[%clk 0:01:07]} Nh5 {[%clk 0:00:36]} 27. Bxc6 {[%clk 0:01:06]} Nxf4
{[%clk 0:00:35]} 28. Bxd7 {[%clk 0:01:07]} Ne6 {[%clk 0:00:25]} 29. Ne8
{[%clk 0:01:00]} d3 {[%clk 0:00:20]} 30. Nf6+ {[%clk 0:01:00]} Kh8
{[%clk 0:00:21]} 31. b4 {[%clk 0:00:33]} axb4 {[%clk 0:00:22]} 32. axb4
{[%clk 0:00:34]} Bd4 {[%clk 0:00:23]} 33. c5 {[%clk 0:00:27]} Re2
{[%clk 0:00:24]} 34. Ng4 {[%clk 0:00:20]} Bxf2 {[%clk 0:00:18]} 35. Nxf2
{[%clk 0:00:10]} Rxf2+ {[%clk 0:00:19]} 36. Kg1 {[%clk 0:00:10]} d2
{[%clk 0:00:14]} 37. Ba4 {[%clk 0:00:05]} Re2 {[%clk 0:00:15]} 38. h4
{[%clk 0:00:03]} Re1+ {[%clk 0:00:14]} 0-1

[Event "Russian Blitz Team Championship (m)"]
[Site "Sochi"]
[Date "2022.10.17"]
[Round "11.3"]
[White "Drygalov, Andrey"]
[Black "Iljiushenok, Ilia"]
[Result "1/2-1/2"]
[BlackElo "2467"]
[WhiteElo "2498"]
[LiveChessVersion "1.4.8"]

1. e4 {[%clk 0:03:02]} e5 {[%clk 0:03:04]} 2. Nf3 {[%clk 0:03:03]} Nf6
{[%clk 0:03:05]} 3. Nc3 {[%clk 0:02:59]} Nc6 {[%clk 0:03:06]} 4. d4
{[%clk 0:03:00]} exd4 {[%clk 0:03:05]} 5. Nxd4 {[%clk 0:03:01]} Bb4
{[%clk 0:03:06]} 6. Nxc6 {[%clk 0:03:01]} bxc6 {[%clk 0:03:07]} 7. Bd3
{[%clk 0:03:02]} d5 {[%clk 0:03:04]} 8. exd5 {[%clk 0:03:02]} O-O
{[%clk 0:03:05]} 9. O-O {[%clk 0:03:02]} Bg4 {[%clk 0:03:06]} 10. f3
{[%clk 0:02:51]} Bh5 {[%clk 0:03:07]} 11. dxc6 {[%clk 0:02:21]} Qd4+
{[%clk 0:03:08]} 12. Kh1 {[%clk 0:02:22]} Bxc3 {[%clk 0:03:09]} 13. bxc3
{[%clk 0:02:23]} Qxc3 {[%clk 0:03:10]} 14. Bg5 {[%clk 0:02:10]} Qxc6
{[%clk 0:03:05]} 15. Qd2 {[%clk 0:01:55]} 1/2-1/2

[Event "Russian Blitz Team Championship (m)"]
[Site "Sochi"]
[Date "2022.10.17"]
[Round "11.4"]
[White "Kabanov, Nikolai"]
[Black "Khegay, Dmitriy"]
[Result "0-1"]
[BlackElo "2457"]
[WhiteElo "2367"]
[LiveChessVersion "1.4.8"]

1. e4 {[%clk 0:03:03]} c5 {[%clk 0:03:03]} 2. Nf3 {[%clk 0:03:03]} d6
{[%clk 0:03:04]} 3. Bb5+ {[%clk 0:03:04]} Bd7 {[%clk 0:03:05]} 4. Bxd7+
{[%clk 0:03:03]} Qxd7 {[%clk 0:03:06]} 5. c4 {[%clk 0:03:03]} e5 {[%clk 0:03:06]}
6. Nc3 {[%clk 0:02:57]} Nc6 {[%clk 0:03:07]} 7. d3 {[%clk 0:02:57]} Be7
{[%clk 0:03:08]} 8. a3 {[%clk 0:02:57]} f5 {[%clk 0:03:09]} 9. exf5
{[%clk 0:02:53]} Qxf5 {[%clk 0:03:10]} 10. Nd5 {[%clk 0:02:40]} Rc8
{[%clk 0:03:11]} 11. b4 {[%clk 0:02:29]} Nf6 {[%clk 0:03:11]} 12. Ne3
{[%clk 0:02:29]} Qd7 {[%clk 0:02:55]} 13. Rb1 {[%clk 0:02:22]} O-O
{[%clk 0:02:55]} 14. O-O {[%clk 0:02:22]} b6 {[%clk 0:02:21]} 15. Ng5
{[%clk 0:01:56]} Nd4 {[%clk 0:02:03]} 16. Bb2 {[%clk 0:01:45]} d5
{[%clk 0:01:28]} 17. cxd5 {[%clk 0:01:04]} Nxd5 {[%clk 0:01:29]} 18. Ne4
{[%clk 0:00:46]} Nf4 {[%clk 0:01:30]} 19. Bxd4 {[%clk 0:00:36]} Qxd4
{[%clk 0:01:19]} 20. bxc5 {[%clk 0:00:29]} Bxc5 {[%clk 0:01:19]} 21. Qb3+
{[%clk 0:00:19]} Kh8 {[%clk 0:01:20]} 22. Rbd1 {[%clk 0:00:19]} Qd7
{[%clk 0:01:05]} 23. g3 {[%clk 0:00:11]} Ne2+ {[%clk 0:00:29]} 24. Kg2
{[%clk 0:00:11]} Nd4 {[%clk 0:00:30]} 25. Qd5 {[%clk 0:00:09]} Qe7
{[%clk 0:00:15]} 26. Nc4 {[%clk 0:00:07]} Nf3 {[%clk 0:00:06]} 27. Ned2
{[%clk 0:00:04]} Nxd2 {[%clk 0:00:06]} 28. Rxd2 {[%clk 0:00:05]} Bxa3
{[%clk 0:00:07]} 0-1

[Event "Russian Blitz Team Championship (m)"]
[Site "Sochi"]
[Date "2022.10.17"]
[Round "11.5"]
[White "Smirnov, Pavel"]
[Black "Afanasiev, Nikita"]
[Result "1-0"]
[BlackElo "2541"]
[WhiteElo "2467"]
[LiveChessVersion "1.4.8"]

1. d4 {[%clk 0:03:03]} g6 {[%clk 0:03:04]} 2. e4 {[%clk 0:03:03]} Bg7
{[%clk 0:03:05]} 3. c4 {[%clk 0:03:04]} e6 {[%clk 0:03:06]} 4. Nc3
{[%clk 0:03:05]} Ne7 {[%clk 0:03:07]} 5. f4 {[%clk 0:03:06]} d5 {[%clk 0:03:05]}
6. cxd5 {[%clk 0:03:07]} exd5 {[%clk 0:03:06]} 7. e5 {[%clk 0:03:07]} O-O
{[%clk 0:03:06]} 8. Nf3 {[%clk 0:03:09]} Bg4 {[%clk 0:03:03]} 9. Be2
{[%clk 0:03:10]} c6 {[%clk 0:02:59]} 10. O-O {[%clk 0:03:08]} Nd7
{[%clk 0:03:00]} 11. Be3 {[%clk 0:03:03]} f6 {[%clk 0:02:48]} 12. h3
{[%clk 0:03:01]} Bxf3 {[%clk 0:02:45]} 13. Rxf3 {[%clk 0:02:46]} Qb6
{[%clk 0:02:16]} 14. Qd2 {[%clk 0:02:23]} fxe5 {[%clk 0:01:57]} 15. dxe5
{[%clk 0:02:21]} Qd8 {[%clk 0:01:48]} 16. Bd3 {[%clk 0:01:51]} b6
{[%clk 0:01:25]} 17. Raf1 {[%clk 0:01:35]} Nc5 {[%clk 0:01:24]} 18. Bc2
{[%clk 0:01:30]} Ne6 {[%clk 0:01:24]} 19. Ne2 {[%clk 0:01:24]} c5
{[%clk 0:01:25]} 20. g4 {[%clk 0:01:19]} d4 {[%clk 0:01:02]} 21. Bf2
{[%clk 0:00:42]} Kh8 {[%clk 0:01:00]} 22. Be4 {[%clk 0:00:35]} Nd5
{[%clk 0:00:49]} 23. h4 {[%clk 0:00:28]} Nec7 {[%clk 0:00:35]} 24. Kg2
{[%clk 0:00:25]} Qd7 {[%clk 0:00:35]} 25. h5 {[%clk 0:00:08]} Qxg4+
{[%clk 0:00:35]} 26. Bg3 {[%clk 0:00:06]} g5 {[%clk 0:00:21]} 27. Qd3
{[%clk 0:00:06]} Nb4 {[%clk 0:00:11]} 28. Qb1 {[%clk 0:00:05]} d3
{[%clk 0:00:09]} 29. Bxd3 {[%clk 0:00:04]} Rad8 {[%clk 0:00:09]} 30. Bxh7
{[%clk 0:00:03]} Rd2 {[%clk 0:00:10]} 31. R1f2 {[%clk 0:00:04]} gxf4
{[%clk 0:00:06]} 32. Nxf4 {[%clk 0:00:04]} Rxf2+ {[%clk 0:00:07]} 33. Rxf2
{[%clk 0:00:05]} Rxf4 {[%clk 0:00:05]} 34. Rxf4 {[%clk 0:00:07]} Qe2+
{[%clk 0:00:05]} 35. Rf2 {[%clk 0:00:08]} Qxh5 {[%clk 0:00:06]} 36. Bg6
{[%clk 0:00:08]} Qh6 {[%clk 0:00:05]} 37. Qe4 {[%clk 0:00:08]} Nbd5
{[%clk 0:00:06]} 38. Rf3 {[%clk 0:00:07]} Qd2+ {[%clk 0:00:06]} 39. Bf2
{[%clk 0:00:08]} Qg5+ {[%clk 0:00:07]} 40. Rg3 {[%clk 0:00:08]} Qf4
{[%clk 0:00:07]} 41. Rh3+ Kg8 42. Bh7+ {[%clk 0:00:09]} Kh8 {[%clk 0:00:10]} 43.
Bf5+ Kg8 44. Be6+ {[%clk 0:00:07]} Nxe6 {[%clk 0:00:08]} 45. Qxd5
{[%clk 0:00:08]} Qxe5 {[%clk 0:00:08]} 46. Qxe5 {[%clk 0:00:08]} Bxe5
{[%clk 0:00:09]} 47. Re3 {[%clk 0:00:08]} Nf4+ {[%clk 0:00:10]} 48. Kf3
{[%clk 0:00:10]} Ng6 {[%clk 0:00:11]} 49. b3 {[%clk 0:00:07]} Kf7
{[%clk 0:00:12]} 50. Ke4 {[%clk 0:00:07]} Ke6 {[%clk 0:00:14]} 51. Rh3
{[%clk 0:00:08]} Bg7 {[%clk 0:00:13]} 52. Rh7 {[%clk 0:00:08]} Kf7
{[%clk 0:00:11]} 53. Kd5 {[%clk 0:00:08]} Nf4+ {[%clk 0:00:12]} 54. Kc4
{[%clk 0:00:07]} Kg6 {[%clk 0:00:12]} 55. Rh1 {[%clk 0:00:07]} a6
{[%clk 0:00:13]} 56. a4 {[%clk 0:00:08]} Kf5 {[%clk 0:00:12]} 57. a5
{[%clk 0:00:10]} b5+ {[%clk 0:00:11]} 58. Kxc5 {[%clk 0:00:09]} Nd3+
{[%clk 0:00:11]} 59. Kb6 {[%clk 0:00:11]} Nxf2 {[%clk 0:00:12]} 60. Rf1
{[%clk 0:00:12]} Ke6 {[%clk 0:00:09]} 61. Kxa6 {[%clk 0:00:12]} Ne4
{[%clk 0:00:09]} 62. Kxb5 {[%clk 0:00:12]} Nd6+ {[%clk 0:00:06]} 63. Kc6
{[%clk 0:00:13]} Be5 {[%clk 0:00:05]} 64. a6 {[%clk 0:00:14]} Nc8
{[%clk 0:00:06]} 65. Rd1 {[%clk 0:00:14]} Ne7+ {[%clk 0:00:04]} 66. Kb7
{[%clk 0:00:16]} Nf5 {[%clk 0:00:04]} 67. a7 {[%clk 0:00:16]} Kd5 1-0

[Event "Russian Blitz Team Championship (m)"]
[Site "Sochi"]
[Date "2022.10.17"]
[Round "11.6"]
[White "Tsydypov, Zhamsaran"]
[Black "Demidov, Mikhail"]
[Result "1-0"]
[BlackElo "2520"]
[WhiteElo "2598"]
[LiveChessVersion "1.4.8"]

1. e4 {[%clk 0:03:03]} e6 {[%clk 0:03:03]} 2. d4 {[%clk 0:03:03]} d5
{[%clk 0:03:05]} 3. Nc3 {[%clk 0:03:04]} dxe4 {[%clk 0:03:05]} 4. Nxe4 Bd7 5. Nf3
{[%clk 0:03:02]} Bc6 {[%clk 0:03:08]} 6. Bd3 {[%clk 0:02:51]} Bxe4
{[%clk 0:03:09]} 7. Bxe4 {[%clk 0:02:52]} c6 {[%clk 0:03:10]} 8. O-O
{[%clk 0:02:50]} Nf6 {[%clk 0:03:11]} 9. Bd3 {[%clk 0:02:51]} Nbd7
{[%clk 0:03:13]} 10. b3 {[%clk 0:02:40]} g6 {[%clk 0:03:14]} 11. c4
{[%clk 0:02:35]} Bg7 {[%clk 0:03:15]} 12. Ba3 {[%clk 0:02:36]} Bf8
{[%clk 0:03:16]} 13. Bb2 Bg7 14. d5 {[%clk 0:02:32]} Nc5 {[%clk 0:03:02]} 15. Ba3
{[%clk 0:02:23]} Nxd3 {[%clk 0:02:07]} 16. Qxd3 {[%clk 0:02:24]} cxd5
{[%clk 0:02:08]} 17. cxd5 {[%clk 0:02:12]} Qxd5 {[%clk 0:02:04]} 18. Qe2
{[%clk 0:02:13]} Qe4 {[%clk 0:01:58]} 19. Qb5+ {[%clk 0:02:11]} Qc6
{[%clk 0:01:59]} 20. Qg5 {[%clk 0:01:42]} h6 {[%clk 0:01:32]} 21. Qh4
{[%clk 0:01:43]} g5 {[%clk 0:00:56]} 22. Qd4 {[%clk 0:01:42]} Qa6
{[%clk 0:00:43]} 23. Qc5 Bf8 {[%clk 0:00:43]} 24. Qe5 {[%clk 0:01:14]} Bg7
{[%clk 0:00:40]} 25. Bb4 {[%clk 0:01:06]} Nh5 {[%clk 0:00:23]} 26. Qc7
{[%clk 0:01:06]} Bf8 {[%clk 0:00:19]} 27. Ne5 {[%clk 0:01:06]} 1-0

[Event "Russian Blitz Team Championship (m)"]
[Site "Sochi"]
[Date "2022.10.17"]
[Round "11.7"]
[White "Petrov, Nikita"]
[Black "Moiseenko, Vadim"]
[Result "1-0"]
[BlackElo "2492"]
[WhiteElo "2528"]
[LiveChessVersion "1.4.8"]

1. d4 {[%clk 0:03:03]} Nf6 {[%clk 0:03:03]} 2. Bg5 {[%clk 0:03:03]} e6
{[%clk 0:03:01]} 3. e4 {[%clk 0:03:04]} h6 {[%clk 0:03:02]} 4. Bxf6
{[%clk 0:03:04]} Qxf6 {[%clk 0:03:03]} 5. c3 {[%clk 0:03:05]} d6 {[%clk 0:02:54]}
6. Bd3 {[%clk 0:03:05]} Qg5 {[%clk 0:02:34]} 7. g3 {[%clk 0:03:00]} e5
{[%clk 0:02:29]} 8. Nf3 {[%clk 0:02:40]} Qf6 {[%clk 0:02:28]} 9. Nbd2
{[%clk 0:02:35]} Be7 {[%clk 0:02:07]} 10. O-O {[%clk 0:02:23]} Bg4
{[%clk 0:02:00]} 11. Qb3 {[%clk 0:01:43]} Nd7 {[%clk 0:01:18]} 12. dxe5
{[%clk 0:01:20]} dxe5 {[%clk 0:01:16]} 13. Be2 {[%clk 0:01:10]} O-O
{[%clk 0:00:51]} 14. Rfe1 {[%clk 0:01:06]} Bc5 {[%clk 0:00:42]} 15. Qc2
{[%clk 0:00:53]} Bb6 {[%clk 0:00:36]} 16. b4 {[%clk 0:00:45]} a5 {[%clk 0:00:35]}
17. a3 {[%clk 0:00:43]} Rfd8 {[%clk 0:00:21]} 18. c4 {[%clk 0:00:40]} Bxf3
{[%clk 0:00:07]} 19. Nxf3 {[%clk 0:00:39]} Bd4 {[%clk 0:00:07]} 20. Nxd4
{[%clk 0:00:26]} exd4 {[%clk 0:00:08]} 21. Rad1 {[%clk 0:00:27]} c5
{[%clk 0:00:08]} 22. b5 {[%clk 0:00:20]} Re8 {[%clk 0:00:06]} 23. f4
{[%clk 0:00:20]} Qg6 {[%clk 0:00:05]} 24. Bd3 {[%clk 0:00:20]} Rad8
{[%clk 0:00:06]} 25. e5 {[%clk 0:00:21]} Qh5 {[%clk 0:00:06]} 26. Qg2
{[%clk 0:00:15]} b6 {[%clk 0:00:05]} 27. Be4 {[%clk 0:00:12]} Qg4
{[%clk 0:00:05]} 28. Bf3 {[%clk 0:00:13]} Qe6 {[%clk 0:00:06]} 29. Bd5
{[%clk 0:00:14]} Qg6 {[%clk 0:00:06]} 30. f5 {[%clk 0:00:10]} Qg5
{[%clk 0:00:05]} 31. e6 {[%clk 0:00:10]} fxe6 {[%clk 0:00:06]} 32. fxe6
{[%clk 0:00:11]} Nf6 {[%clk 0:00:06]} 33. e7+ {[%clk 0:00:12]} Rxd5
{[%clk 0:00:08]} 34. cxd5 {[%clk 0:00:13]} Qxd5 {[%clk 0:00:09]} 35. Qxd5+
{[%clk 0:00:05]} Nxd5 {[%clk 0:00:10]} 36. Re6 {[%clk 0:00:05]} Rxe7
{[%clk 0:00:11]} 37. Rd6 {[%clk 0:00:07]} Nc3 {[%clk 0:00:12]} 38. Rd3
{[%clk 0:00:06]} Nxb5 {[%clk 0:00:06]} 39. Rxb6 {[%clk 0:00:07]} c4
{[%clk 0:00:05]} 40. Rd1 {[%clk 0:00:08]} Nc3 {[%clk 0:00:06]} 41. Rf1
{[%clk 0:00:05]} d3 {[%clk 0:00:07]} 42. Rd6 {[%clk 0:00:05]} Ne4
{[%clk 0:00:05]} 43. Rd4 {[%clk 0:00:06]} d2 {[%clk 0:00:04]} 44. Rxc4
{[%clk 0:00:07]} Ng5 {[%clk 0:00:03]} 45. Rd4 {[%clk 0:00:07]} Re1
{[%clk 0:00:04]} 46. Rxd2 {[%clk 0:00:07]} Nf3+ {[%clk 0:00:05]} 47. Kg2
{[%clk 0:00:08]} Rxf1 {[%clk 0:00:06]} 48. Rd8+ {[%clk 0:00:09]} Kf7
{[%clk 0:00:07]} 49. Kxf1 {[%clk 0:00:10]} Nxh2+ {[%clk 0:00:08]} 50. Kg2
{[%clk 0:00:11]} Ng4 {[%clk 0:00:10]} 51. Ra8 Ne3+ {[%clk 0:00:08]} 52. Kf3
{[%clk 0:00:13]} Nc4 {[%clk 0:00:10]} 53. a4 {[%clk 0:00:14]} Ke6
{[%clk 0:00:11]} 54. Ra7 {[%clk 0:00:14]} g6 {[%clk 0:00:09]} 55. Ke4
{[%clk 0:00:12]} h5 {[%clk 0:00:06]} 56. Kf4 {[%clk 0:00:11]} Kd5
{[%clk 0:00:04]} 57. Ra6 {[%clk 0:00:10]} Kc5 {[%clk 0:00:05]} 58. Rxg6
{[%clk 0:00:10]} Kb4 {[%clk 0:00:05]} 59. Rg5 {[%clk 0:00:10]} Kxa4
{[%clk 0:00:05]} 60. Rxh5 {[%clk 0:00:12]} Kb4 {[%clk 0:00:07]} 61. g4
{[%clk 0:00:12]} a4 {[%clk 0:00:08]} 62. g5 {[%clk 0:00:13]} a3 {[%clk 0:00:09]}
63. g6 {[%clk 0:00:12]} a2 {[%clk 0:00:08]} 64. Rh1 {[%clk 0:00:13]} Na3
{[%clk 0:00:06]} 65. Ra1 {[%clk 0:00:13]} 1-0

[Event "Russian Blitz Team Championship (m)"]
[Site "Sochi"]
[Date "2022.10.17"]
[Round "11.8"]
[White "Rozum, Ivan"]
[Black "Makarian, Rudik"]
[Result "1/2-1/2"]
[BlackElo "2405"]
[WhiteElo "2428"]
[LiveChessVersion "1.4.8"]

1. b3 {[%clk 0:03:02]} d5 {[%clk 0:02:59]} 2. Bb2 {[%clk 0:03:03]} Bg4
{[%clk 0:03:00]} 3. h3 {[%clk 0:02:59]} Bh5 {[%clk 0:03:00]} 4. Nf3
{[%clk 0:03:00]} Bxf3 {[%clk 0:02:55]} 5. exf3 {[%clk 0:03:01]} Nf6
{[%clk 0:02:51]} 6. g3 {[%clk 0:03:01]} g6 {[%clk 0:02:51]} 7. Bg2
{[%clk 0:03:02]} Bg7 {[%clk 0:02:52]} 8. O-O {[%clk 0:03:02]} O-O
{[%clk 0:02:52]} 9. f4 {[%clk 0:03:00]} e6 {[%clk 0:02:51]} 10. d3
{[%clk 0:02:53]} c5 {[%clk 0:02:49]} 11. Nd2 {[%clk 0:02:53]} Nc6
{[%clk 0:02:50]} 12. Nf3 {[%clk 0:02:54]} Nd7 {[%clk 0:02:28]} 13. Bxg7
{[%clk 0:02:51]} Kxg7 {[%clk 0:02:29]} 14. Qe2 {[%clk 0:02:47]} Qf6
{[%clk 0:02:14]} 15. c4 {[%clk 0:02:39]} Nd4 {[%clk 0:01:54]} 16. Nxd4
{[%clk 0:02:35]} Qxd4 {[%clk 0:01:55]} 17. Rad1 {[%clk 0:02:27]} a5
{[%clk 0:01:46]} 18. h4 {[%clk 0:02:12]} h5 {[%clk 0:01:46]} 19. cxd5
{[%clk 0:01:35]} exd5 {[%clk 0:01:46]} 20. Qe7 {[%clk 0:01:34]} Nf6
{[%clk 0:01:35]} 21. Qxb7 {[%clk 0:01:28]} a4 {[%clk 0:01:36]} 22. Rc1
{[%clk 0:01:16]} Rab8 {[%clk 0:01:08]} 23. Qc7 {[%clk 0:00:58]} axb3
{[%clk 0:01:07]} 24. axb3 {[%clk 0:00:59]} Rxb3 {[%clk 0:01:00]} 25. Rxc5
{[%clk 0:00:59]} Rxd3 {[%clk 0:00:58]} 26. Rc6 {[%clk 0:00:59]} Rxg3
{[%clk 0:00:49]} 27. Qe5 {[%clk 0:00:56]} Rxg2+ {[%clk 0:00:23]} 28. Kxg2
{[%clk 0:00:57]} Qe4+ {[%clk 0:00:23]} 29. f3 {[%clk 0:00:52]} Qxe5
{[%clk 0:00:19]} 30. fxe5 {[%clk 0:00:53]} Ng8 {[%clk 0:00:15]} 31. Rc7
{[%clk 0:00:48]} Nh6 {[%clk 0:00:14]} 32. e6 {[%clk 0:00:34]} Nf5
{[%clk 0:00:14]} 33. Kh3 {[%clk 0:00:35]} Kf6 {[%clk 0:00:10]} 1/2-1/2

[Event "Russian Blitz Team Championship (m)"]
[Site "Sochi"]
[Date "2022.10.17"]
[Round "11.9"]
[White "Artemiev, Vladislav"]
[Black "Lazavik, Denis"]
[Result "1-0"]
[BlackElo "2437"]
[WhiteElo "2832"]
[LiveChessVersion "1.4.8"]

1. Nf3 {[%clk 0:03:01]} d5 {[%clk 0:03:01]} 2. g3 {[%clk 0:03:01]} g6
{[%clk 0:02:58]} 3. Bg2 {[%clk 0:03:01]} Bg7 {[%clk 0:02:57]} 4. O-O
{[%clk 0:03:00]} e5 {[%clk 0:02:55]} 5. d3 {[%clk 0:03:01]} Ne7 {[%clk 0:02:54]}
6. e4 {[%clk 0:03:01]} O-O {[%clk 0:02:49]} 7. b4 {[%clk 0:03:01]} c6
{[%clk 0:02:28]} 8. Bb2 {[%clk 0:02:59]} Qc7 {[%clk 0:02:24]} 9. Nbd2
{[%clk 0:02:57]} a5 {[%clk 0:02:18]} 10. a3 {[%clk 0:02:57]} Nd7 {[%clk 0:02:09]}
11. Re1 {[%clk 0:02:50]} dxe4 {[%clk 0:02:07]} 12. Rxe4 {[%clk 0:02:25]} Nf5
{[%clk 0:01:48]} 13. Qe1 {[%clk 0:01:59]} Nd6 {[%clk 0:01:24]} 14. Re2
{[%clk 0:02:00]} f6 {[%clk 0:01:08]} 15. d4 {[%clk 0:01:46]} exd4
{[%clk 0:01:03]} 16. Bxd4 {[%clk 0:01:42]} axb4 {[%clk 0:00:49]} 17. axb4
{[%clk 0:01:41]} Rxa1 {[%clk 0:00:50]} 18. Bxa1 {[%clk 0:01:39]} Nb6
{[%clk 0:00:40]} 19. Nd4 {[%clk 0:01:34]} Qd8 {[%clk 0:00:35]} 20. Ne6
{[%clk 0:01:08]} Bxe6 {[%clk 0:00:36]} 21. Rxe6 {[%clk 0:01:08]} Re8
{[%clk 0:00:29]} 22. Nb3 {[%clk 0:00:46]} Qd7 {[%clk 0:00:28]} 23. Nc5
{[%clk 0:00:25]} Rxe6 {[%clk 0:00:29]} 24. Nxe6 {[%clk 0:00:26]} Qe7
{[%clk 0:00:23]} 25. Kf1 {[%clk 0:00:27]} Nbc4 {[%clk 0:00:18]} 26. Bh3
{[%clk 0:00:17]} Bh8 {[%clk 0:00:15]} 27. Qc3 {[%clk 0:00:08]} Ne4
{[%clk 0:00:09]} 28. Qd4 {[%clk 0:00:08]} Ned6 {[%clk 0:00:07]} 29. Qa7
{[%clk 0:00:06]} h5 {[%clk 0:00:06]} 30. Qb8+ {[%clk 0:00:06]} Qe8
{[%clk 0:00:05]} 31. Qxe8+ {[%clk 0:00:07]} Nxe8 {[%clk 0:00:06]} 32. Nd8
{[%clk 0:00:08]} Ned6 {[%clk 0:00:05]} 33. Nxb7 {[%clk 0:00:07]} f5
{[%clk 0:00:03]} 34. Nxd6 {[%clk 0:00:06]} Nxd6 {[%clk 0:00:04]} 35. Bxh8
{[%clk 0:00:07]} Kxh8 {[%clk 0:00:05]} 36. Bg2 {[%clk 0:00:08]} 1-0

[Event "Russian Blitz Team Championship (m)"]
[Site "Sochi"]
[Date "2022.10.17"]
[Round "11.10"]
[White "Nikitenko, Mihail"]
[Black "Sjugirov, Sanan"]
[Result "0-1"]
[BlackElo "2609"]
[WhiteElo "2417"]
[LiveChessVersion "1.4.8"]

1. e4 {[%clk 0:03:03]} e5 {[%clk 0:03:00]} 2. Nf3 {[%clk 0:03:04]} Nc6
{[%clk 0:03:01]} 3. Bc4 {[%clk 0:03:05]} Bc5 {[%clk 0:03:01]} 4. d3
{[%clk 0:03:06]} Nf6 {[%clk 0:03:02]} 5. a4 {[%clk 0:03:05]} d6 {[%clk 0:02:50]}
6. c3 {[%clk 0:03:04]} a6 {[%clk 0:02:50]} 7. Nbd2 {[%clk 0:03:05]} O-O
{[%clk 0:02:46]} 8. O-O {[%clk 0:03:04]} Ba7 {[%clk 0:02:39]} 9. b4
{[%clk 0:03:03]} h6 {[%clk 0:02:33]} 10. h3 {[%clk 0:03:04]} Ne7 {[%clk 0:02:32]}
11. Re1 {[%clk 0:03:00]} Ng6 {[%clk 0:02:32]} 12. d4 {[%clk 0:02:43]} exd4
{[%clk 0:02:21]} 13. Nxd4 {[%clk 0:02:39]} d5 {[%clk 0:02:11]} 14. Bf1
{[%clk 0:02:11]} Bxd4 {[%clk 0:01:59]} 15. cxd4 {[%clk 0:02:12]} dxe4
{[%clk 0:02:00]} 16. Nxe4 {[%clk 0:02:13]} Nxe4 {[%clk 0:02:01]} 17. Rxe4
{[%clk 0:02:14]} Be6 {[%clk 0:01:59]} 18. d5 {[%clk 0:01:54]} Qxd5
{[%clk 0:01:53]} 19. Rd4 {[%clk 0:01:55]} Qf5 {[%clk 0:01:00]} 20. Bb2
{[%clk 0:01:55]} c6 {[%clk 0:00:51]} 21. Rc1 {[%clk 0:01:48]} Bd5
{[%clk 0:00:44]} 22. Bd3 {[%clk 0:01:49]} Qe6 {[%clk 0:00:38]} 23. Rg4
{[%clk 0:01:44]} Rae8 {[%clk 0:00:22]} 24. Qc2 {[%clk 0:01:35]} f5 25. Rg3 Rf7
{[%clk 0:00:20]} 26. Qc3 {[%clk 0:01:31]} Ree7 {[%clk 0:00:18]} 27. b5
{[%clk 0:01:24]} axb5 {[%clk 0:00:19]} 28. axb5 {[%clk 0:01:26]} Nf4
{[%clk 0:00:18]} 29. Bf1 {[%clk 0:01:10]} Ne2+ {[%clk 0:00:14]} 30. Bxe2
{[%clk 0:01:11]} Qxe2 {[%clk 0:00:15]} 31. Ba3 {[%clk 0:00:30]} Rd7
{[%clk 0:00:13]} 32. bxc6 {[%clk 0:00:28]} bxc6 {[%clk 0:00:14]} 33. Re1
{[%clk 0:00:28]} Qc4 {[%clk 0:00:12]} 34. Qe5 {[%clk 0:00:09]} Kh7
{[%clk 0:00:12]} 35. Rc1 {[%clk 0:00:07]} Qa4 {[%clk 0:00:11]} 36. Bc5
{[%clk 0:00:07]} Qe4 {[%clk 0:00:10]} 37. Re1 Qxe5 {[%clk 0:00:06]} 38. Rxe5 Rb7
39. Rc3 {[%clk 0:00:05]} Rf6 {[%clk 0:00:08]} 40. Kh2 {[%clk 0:00:06]} Rg6
{[%clk 0:00:09]} 41. f3 {[%clk 0:00:06]} Rb2 {[%clk 0:00:09]} 42. h4
{[%clk 0:00:04]} Rbxg2+ {[%clk 0:00:10]} 43. Kh1 {[%clk 0:00:06]} R2g3
{[%clk 0:00:09]} 44. Kh2 {[%clk 0:00:06]} Rg2+ {[%clk 0:00:07]} 45. Kh1
{[%clk 0:00:08]} Ra2 {[%clk 0:00:06]} 46. Rxf5 {[%clk 0:00:09]} Re6
{[%clk 0:00:06]} 47. Rc1 {[%clk 0:00:08]} Ree2 {[%clk 0:00:07]} 48. h5
{[%clk 0:00:05]} Rh2+ {[%clk 0:00:07]} 49. Kg1 {[%clk 0:00:07]} Rag2+
{[%clk 0:00:07]} 50. Kf1 {[%clk 0:00:08]} Be6 {[%clk 0:00:08]} 51. Rf8
{[%clk 0:00:05]} Bh3 {[%clk 0:00:08]} 52. Rc4 {[%clk 0:00:04]} Rh1+
{[%clk 0:00:09]} 0-1